Antarktické inšpirácie fotografie a reliéfy Anny Jíšovej

Bibliographic Details
Main Author: Obuchová, Barbora (Author)
Format: Article
Language:Slovak
PhysicalDescription:Fotogr.
ISSN:1335-468X
Subjects:

MARC

LEADER 00000nab a2200000 a 4500
001 vtls000741246
003 SK-MaSNL
005 20260302192734.0
008 180206c2000 xo 0 slo
015 |a SNBRB2000/12-35438 
035 |a CLN000093088 
040 |a SNKBUCL  |b slo  |c SNKBUCL  |e AACR2 
041 0 |a slo 
044 |a xo  |c SK 
080 |a 77.04-051:061.4  |2 UDC-MRF-SK2 
080 |a 75.071.1:061.4  |2 UDC-MRF-SK2 
100 1 |a Obuchová, Barbora  |4 aut  |9 910366 
245 1 0 |a Antarktické inšpirácie  |b fotografie a reliéfy Anny Jíšovej  |c Barbora Obuchová 
300 |b Fotogr. 
600 1 7 |a Jíšová, Anna  |x výstavy  |y 2000  |2 snkbucl  |9 910367 
610 7 |a Slovenský inštitút (Praha, Česko)  |x výstavy  |y 2000  |2 snkbucl  |9 910368 
655 7 |a články z novín a časopisov  |2 snkbucl  |9 267496 
773 0 |x 1335-468X  |t Slovo. Politicko-spoločenský týždenník  |g Roč. 2, č. 16 (2000), s. 11 
850 |a Slovenská národná knižnica v Martine 
852 |a SNK  |b KIS3GCP 
958 |a RBX 
999 |c 1441913  |d 1443843